AU LIBRARIES
Centralized Library System Across Seven Campuses

The Confidence Game : (Record no. 47242)

MARC details
000 -LEADER
fixed length control field 00466nam a22001577a 4500
005 - DATE AND TIME OF LATEST TRANSACTION
control field 20260408100053.0
008 - FIXED-LENGTH DATA ELEMENTS--GENERAL INFORMATION
fixed length control field 260408b |||||||| |||| 00| 0 eng d
020 ## - INTERNATIONAL STANDARD BOOK NUMBER
ISBN 0684801825
082 ## - DEWEY DECIMAL CLASSIFICATION NUMBER
Classification number 332.1
Author Mark SOL-T
100 ## - MAIN ENTRY--AUTHOR
Author Name Solomon, Steven
245 ## - TITLE STATEMENT
Title The Confidence Game :
Sub-Title How Unelected Central Bankers Are Governing the Changed Global Economy
260 ## - PUBLICATION, DISTRIBUTION, ETC.
Place of Publication USA
Name of publisher, distributor, etc. United State of America
Date of publication, distribution, etc. 1995
300 ## - PHYSICAL DESCRIPTION
Pages 606 p.
650 ## - SUBJECT ADDED ENTRY--TOPICAL TERM
Subject / Department Management Science
942 ## - ADDED ENTRY ELEMENTS (KOHA)
Koha item type Book
Holdings
Withdrawn status Lost status Damaged status Not for loan Collection code Permanent Location Current Location Shelving Location Date acquired Source of acquisition Total Checkouts Full Call Number Accession No./Barcode Date last seen Koha item type
        Management Science Air University H-11 Campus Islamabad Air University H-11 Campus Islamabad Economics 04/08/2026 Gifted By Dr. Salman Hasan   332.1 SOL-T AUHEG0029 04/08/2026 Book
Air University Sector E-9, Islamabad Pakistan
Email: librarian@au.edu.pk  Tel : +0092 51 9262612 Ext: 631